000 01273cam a22002895a 4500
999 _c107660
_d107660
001 L141429
008 080207s2008 xxk f 001 0 eng u
020 _a9780754533160
035 _a(Sirsi) u141429
041 0 _aeng
050 0 4 _a346.41066 $2 18
100 1 _aWareham, Robert
245 0 0 _aTolley's company law handbook 2008
_bfirst edition
250 _a15th ed.
260 _aCroydon
_bLexisNexis Butterworths
_c2008
300 _ax, 1140p.
_c23cm.
520 _aProvides details of the requirements for annual accounts and all day to day company administration matters, plus coverage of areas such as acquisition of own shares, memorandum and articles of association, distributions, insider dealing and company names. Includes all the latest company law developments up to and including 1 October 2007.
521 2 _aAdvanced
590 _aKA
650 2 4 _aCOMPANIES (AUDIT, INVESTIGATION AND COMMUNITY ENTERPRISE) ACT 2004
650 2 4 _aCOMPANIES ACT 1985 (INTERNATIONAL ACCOUNTING STANDARDS AND OTHER ACCOUNTING AMENDMENTS) REGULATIONS 2004
650 2 4 _aEUROPEAN PUBLIC LIMITED-LIABILITY COMPANY REGULATIONS 2004
650 2 4 _aCOMPANIES ACT 2006
651 4 _aUnited Kingdom
_y
690 _aMANAGEMENT-BUSINESS MANAGEMENT
942 _n0
_2ddc